000 00628cam a2200181 a 4500
020 _a9780415885607 (hardback : alk. paper)
020 _a9780415885614 (pbk. : alk. paper)
082 0 0 _a362.82/92 MUR
100 1 _aMurray, Christine E.
245 1 0 _aResponding to family violence :
250 _a1st ed.
260 _aNew York :
_bBrunner-Routledge,
_cc2013.
300 _axxvii, 449 p. :
_bill. ;
650 0 _aFamily violence.
700 1 _aGraves, Kelly N.
942 _cBK
999 _c2458
_d2458